Những bí mật của sự tiên đoán

שמור ב:
מידע ביבליוגרפי
מחבר ראשי: Be-Liav-Xki, A.
מחברים אחרים: Nghiêm Thượng Đắc (dịch), Trần Thanh Phương (dịch)
פורמט: ספר
יצא לאור: H. Văn hóa 1986
נושאים:
תגים: הוספת תג
אין תגיות, היה/י הראשונ/ה לתייג את הרשומה!
Thư viện lưu trữ: Trung tâm Học liệu Lê Vũ Hùng, Trường Đại học Đồng Tháp
LEADER 00797pam a22002298a 4500
001 00000168
005 20171026081022.0
008 110317s1986 ||||||Viesd
020 |c 130 
041 0 # |a Vie 
082 1 4 |a 202  |b NH556B 
100 0 # |a Be-Liav-Xki, A. 
245 0 0 |a Những bí mật của sự tiên đoán  |c A. Be-Liav-Xki , V. Li-Xi-Tr' Kin ; Trần Thanh Phương, Nghiêm Thượng Đắc dịch 
260 # # |a H.  |b Văn hóa  |c 1986 
300 # # |a 217 tr.  |c 19 cm. 
653 # # |a Tiên Tri 
700 0 # |a Nghiêm Thượng Đắc  |e dịch 
700 0 # |a Trần Thanh Phương  |e dịch 
852 # # |j KD.0000264 
852 # # |j KD.0000264  |b Kho đọc 
910 |d 17/03/2011 
980 # # |a Trung tâm Học liệu Lê Vũ Hùng, Trường Đại học Đồng Tháp